Islam (Record no. 13853)

MARC details
000 -LEADER
fixed length control field 00578nam a2200229 a 4500
020 ## - INTERNATIONAL STANDARD BOOK NUMBER
ISBN 1851681922
082 00 - DEWEY DECIMAL CLASSIFICATION NUMBER
Classification number 297
Author Cutter TAY
100 ## - MAIN ENTRY--AUTHOR NAME
Author name Tayob, Abdulkader
245 ## - TITLE STATEMENT
Title Islam
Sub title A Short Introduction
260 ## - PUBLICATION, DISTRIBUTION, ETC. (IMPRINT)
Place of publication Oxford
Name of publisher One World Publications
Year of publication 2006
300 ## - PHYSICAL DESCRIPTION
Number of Pages 178p
500 ## - GENERAL NOTE
General note includes index and biblioraphy
650 ## - SUBJECT ADDED ENTRY--TOPICAL TERM
Topical Term Islam-Meccan Trade
942 ## - ADDED ENTRY ELEMENTS (KOHA)
Koha item type Books
700 1# -
-- Tayob, Abdulkader
Holdings
Collection code Home library Current library Date acquired Cost, normal purchase price Full call number Accession Number Koha item type
  Henry Martyn Institute Library Henry Martyn Institute Library 07/29/2008 250.00 297 TAY 021607 Books
                   Copyright © 2026 | Henry Martyn Institute | Hyderabad | TS-500052 | INDIA | Implemented by hmi.edu.in
Hit-Count:

Powered by Koha